Conservation science : (Registro nro. 7512)
[ vista simple ]
| 000 -CABECERA | |
|---|---|
| Campo de control | 02523nam a22002537a 4500 |
| 005 - FECHA Y HORA DE LA ULTIMA TRANSACCION | |
| Campo de control | 20130801160520.0 |
| 008 - ELEMENTOS DE LONGITUD FIJA—INFORMACION GENERAL | |
| Campo de control | 130801b2011 cou||||| |||| 00| 0 spa d |
| 020 ## - ISBN | |
| ISBN | 9781936221066 |
| 020 ## - ISBN | |
| ISBN | 1936221063 |
| 041 ## - IDIOMA | |
| Código de idioma para texto/pista de sonido o título separado | Inglés |
| 044 ## - PAÍS DE PUBLICACIÓN | |
| País de publicación | Estados Unidos |
| 082 ## - NUMERO DE CLASIFICACION DECIMAL DEWEY | |
| Número de clasificación | 333.95 |
| Número del ítem | K183c |
| 100 1# - ASIENTO PRINCIPAL--NOMBRE PERSONAL | |
| Nombre personal | Kareiva, Peter M., |
| Fechas asociadas con el nombre | 1951 - |
| 245 10 - MENCION DE TITULO | |
| Título | Conservation science : |
| Parte restante del título | balancing the needs of people and nature / |
| Mención de responsabilidad | Peter Kareiva and Michelle Marvier. |
| 260 ## - PUBLICACION, DISTRIBUCION, ETC. (PIE DE IMPRENTA) | |
| Lugar de publicación, distribución, etc. | Greenwood Village, Colo. |
| Nombre del editor, distribuidor, etc. | Roberts and Co., |
| Fecha de publicación, distribución, etc. | c2011. |
| 300 ## - DESCRIPCION FISICA | |
| Extensión | xxix, 543 p. : |
| Otros detalles físicos | il., (col), maps |
| Dimensiones | 26 cm. |
| 504 ## - NOTA DE BIBLIOGRAFIA, ETC. | |
| Nota de bibliografía | Incluye referencias bibliográficas e índice |
| 505 0# - NOTA DE CONTENIDO | |
| Nota de contenido | Part I. Why conservation is needed -- 1. Humans are the dominant ecological force -- 2. Biodiversity and extinction -- 3. Ecosystem services: how nature pays for itself -- Part II. Policy, protected areas, and planning -- 4. Policy responses to biodiversity loss and ecosystem degradation -- 5. Conservation in protected areas and on private land -- 6. Conservation planning and priorities Part III. How science informs conservation strategies -- 7. The perils of small populations -- 8. Population size, trend, and viability -- 9. Assessing threats and choosing conservation actions -- 10. Islands of nature and the role of dispersal -- 11. Restoration and reintroduction: fixing problems after the fact -- 12. Adaptive management and evidence-based conservation -- Part IV. Conservation challenges in a world shaped by humans -- 13. Reversing global deforestation and forest degradation -- 14. Balancing agriculture and conservation -- 15. Building sustainable marine fisheries -- 16. Managing fresh water for people and nature -- 17. Getting practical about introduced species -- 18. Climate change on a global scale -- 19. Making conservation a success story. |
| 520 ## - NOTA DE RESUMEN, ETC. | |
| Nota de resumen | "Conservation Science was primarily written for undergraduates and beginning graduate students who are interested either in academic careers or in doing science-based conservation at government agencies, non-governmental organizations, or international institutions. It will also be of interest to those already involved in conservation who want to bolster their understanding of the field. It is essential reading for anyone who wants to understand the science that drives conservation policy and action."--Publisher’s description. |
| 650 #0 - ASIENTO SECUNDARIO DE MATERIA - TERMINO TEMATICO | |
| Término temático o nombre geográfico como elemento de entrada | Conservation biology. |
| 650 #0 - ASIENTO SECUNDARIO DE MATERIA - TERMINO TEMATICO | |
| Término temático o nombre geográfico como elemento de entrada | Nature |
| Subdivisión general | Effect of human beings on. |
| 700 1# - ASIENTO SECUNDARIO - NOMBRE PERSONAL | |
| Nombre personal | Marvier, Michelle. |
| 942 ## - ELEMENTOS ADICIONALES (KOHA) | |
| Sistema de clasificación | Dewey Decimal Classification |
| Tipo de ítem | Impreso |
| Withdrawn status | Lost status | Sistema de Clasificación | Damaged status | No para préstamo | Colección | Inventariado | Ubicación Permanente | Ubicación actual | Fecha de adquisición | Fuente de Valor | Valor | Total Checkouts | Número topográfico | Inventario / Código de Barras | Date last seen | Ejemplar | Price effective from | Tipo de material |
|---|---|---|---|---|---|---|---|---|---|---|---|---|---|---|---|---|---|---|
| Dewey Decimal Classification | General | Inventariado 2017 | Bogotá | Bogotá | 01/08/2013 | Instituto | 39000.00 | LB 333.95 K183c | 028719 | 01/08/2013 | Ej. 1 | 01/08/2013 | Libro |